random flags - Statistics

General Stats
  • This quiz has been taken 19 times
  • The average score is 15 of 16
Answer Stats
Picture Answer % Correct
France
100%
United States
100%
Australia
95%
Canada
95%
Ireland
95%
Italy
95%
Japan
95%
New Zealand
95%
Russia
95%
South Korea
95%
United Kingdom
95%
Bulgaria
89%
Netherlands
89%
Hungary
84%
Ivory Coast
79%
Madagascar
79%
No matching quizzes found
Score Distribution
Percent of People with Each Score
Percentile by Number Answered
Your Score History
You have not taken this quiz